Conflictos sociales y espacio público: responsabilidad de los medios en la conformación y escalada de los conflictos /
محفوظ في:
| المؤلف الرئيسي: | |
|---|---|
| التنسيق: | نص |
| الموضوعات: | |
| الوسوم: |
إضافة وسم
لا توجد وسوم, كن أول من يضع وسما على هذه التسجيلة!
|
MARC
| LEADER | 00000 a a2200000 04500 | ||
|---|---|---|---|
| 001 | 3845 | ||
| 003 | |||
| 040 | |||
| 100 | |a Macassi Lavander, Sandro | ||
| 245 | |a Conflictos sociales y espacio público: |b responsabilidad de los medios en la conformación y escalada de los conflictos / |c Sandro Macassi Lavander | ||
| 650 | |a COMUNICACION | ||
| 650 | |a POLITICA | ||
| 650 | |a SOLUCION DE CONFLICTOS | ||
| 650 | |a OPINION PUBLICA | ||
| 650 | |a PROBLEMAS SOCIALES | ||
| 650 | |a VIOLENCIA | ||
| 650 | |a MEDIOS DE COMUNICACION | ||
| 773 | |g volumen 19, número 2 (74); páginas 105-117 | ||
| 999 | |c 30086 |d 30086 | ||
